| 000 | 00705cab a2200205 4500 | ||
|---|---|---|---|
| 001 | ABS39640 | ||
| 008 | 090401t1987 xxu||||| |||| 00| 0 eng d | ||
| 035 | _a(Sirsi) u17928 | ||
| 041 | _aeng | ||
| 100 | _aSidaway, R. | ||
| 245 | _aAccess to the countryside for outdoor recreation | ||
| 260 | _c1987 | ||
| 350 | _a0 | ||
| 490 |
_aTown Planning Review _v58(4) October 1987, 401-409(9) |
||
| 520 | _aThis article compares recent development in access to the countryside for sport and recreation in the Netherlands and England and Wales, based on discussions of recent research. (Journal abstract) | ||
| 650 | _aLEISURE | ||
| 690 | _aPLANNING LAW AND PRACTICE | ||
| 942 | _n0 | ||
| 948 | _c04/03/1997 | ||
| 999 |
_c11891 _d11891 |
||